000 02568nam a22003254i 4500
001 991061597648406706
003 ES-BaIT
005 20260203084740.0
008 260128s2025 sp a 000 d cat c
017 _aDL PM 00241-2025
_bOficina DL Mallorca
020 _a9788412919165
040 _aES-BaIT
_bcat
_erda
_cES-BaIT
080 _a849.9-2"19"
100 1 _aBonet, Blai,
_d1926-1997
_eautor
_98981
245 1 0 _aParasceve /
_cBlai Bonet ; estudi introductori i edició a cura de Joan Tomàs Martínez Grimalt i Pau Vadell i Vallbona
264 1 _aMallorca :
_bAdiA Edicions,
_c2025
300 _a81 pàgines ;
_c20 cm
336 _atext
_btxt
_2rdacontent
337 _asense mediació
_bn
_2rdamedia
338 _avolum
_bnc
_2rdacarrier
490 1 _aCol·lecció Jàssera ;
_v7
500 _aP6: D1, H5
520 _a"La història de la humanitat s’escriu a partir dels canvis i de les oportunitats. De les experiències més brutals i incomprensibles, com la guerra i la injustícia, se n’erigeixen imperis i poders que, en algunes ocasions, només s’aguanten damunt un primíssim paper de fumar. Aquesta mirada cap a la història, passada pel sedàs d’un Blai Bonet primerenc, és com un estat de setge total. La bellesa de l’horror, ja s’escola en la dedicatòria de l’obra: «L’odi és l’amor del mal». Aquesta advertència ens incita a entrar en una atmosfera carregada, espessa, que s’acala sobre el llom d’uns joves que es fan homes d’un dia per l’altre i sobre el dolor desfermat d’una mare que mira la mort de cara. Precisament la paraula «parasceve», que dona nom a l’obra, prové del grec i fa referència al dia de preparació del sàbat entre els jueus (divendres). L’evangeli de Joan l’assimila a la Pasqua jueva i amb aquesta significació ha passat a la litúrgia cristiana per designar el divendres sant. L’obra desafia l’existència dels antònims perquè celebra les contradiccions de l’existència: l’amor que es fa desamor —i que evoluciona en desgràcia i culpa— i la vida que teixeix la mort, quan la vitalitat de la joventut topa amb la destrucció i la violència." -- Fragment del text introductori de Joan Tomàs Martínez Grimalt i Pau Vadell Vallbona
700 _aMartínez Grimalt, Joan Tomàs,
_d1984-
_eeditor literari,
_eescriptor d'una introducció
_9139296
700 _aVadell i Vallbona, Pau,
_d1984-
_eeditor literari
_eescriptor d'una introducció
_9129283
830 _aCol·lecció Jàssera
_v7
_9168250
908 _aCDMAE
940 _aCVA38
942 _2udc
_c1
999 _c136994
_d136994